[Event "VIE-ch U11 Girls"]
[Site "Ho Chi Minh City"]
[Date "2022.07.14"]
[Round "6"]
[White "Tran, Ngo Mai Linh"]
[Black "Tran, Ngoc Linh Tram"]
[Result "1/2-1/2"]
[WhiteElo "2170"]
[BlackElo "2155"]
[PlyCount "49"]
[EventDate "2022.07.11"]
[EventType "swiss"]
[EventRounds "9"]
[EventCountry "VIE"]
[SourceTitle "EXT 2023"]
[Source "ChessBase"]
[SourceDate "2022.10.05"]
[SourceVersion "1"]
[SourceVersionDate "2022.10.05"]
[SourceQuality "1"]

1. e4 e6 2. d4 d5 3. exd5 exd5 4. Nc3 Nf6 5. Bg5 Be7 6. h3 0-0 7. Nf3 Re8 8. Be2 h6 9. Bh4 Bf5 10. 0-0 c6 11. Ne5 Nbd7 12. f4 Ne4 13. Nxe4 Bxe4 14. Bg3 Nxe5 15. fxe5 Bh4 16. Qe1 Bxg3 17. Qxg3 Bxc2 18. Bh5 Rf8 19. Rf6 Bg6 20. Bxg6 gxf6 21. Bf5+ Kh8 22. Qh4 Kg7 23. Qg4+ Kh8 24. Qh5 Kg7 25. Qg4+ 1/2-1/2

[Event "VIE-ch U11 Girls"]
[Site "Ho Chi Minh City"]
[Date "2022.07.12"]
[Round "3"]
[White "Tran, Ngoc Linh Tram"]
[Black "Do, Ngoc Thien Phuc"]
[Result "1/2-1/2"]
[WhiteElo "2155"]
[BlackElo "2152"]
[PlyCount "34"]
[EventDate "2022.07.11"]
[EventType "swiss"]
[EventRounds "9"]
[EventCountry "VIE"]
[SourceTitle "EXT 2023"]
[Source "ChessBase"]
[SourceDate "2022.10.05"]
[SourceVersion "1"]
[SourceVersionDate "2022.10.05"]
[SourceQuality "1"]

1. d4 d5 2. c4 e6 3. Nf3 Nf6 4. g3 a6 5. Bg2 dxc4 6. Ne5 Nbd7 7. Nxc4 Rb8 8. 0-0 b6 9. Bf4 Bb7 10. Nc3 Bxg2 11. Kxg2 Be7 12. e4 b5 13. Na5 Rb6 14. e5 Nd5 15. Nxd5 exd5 16. Rc1 c5 17. dxc5 Nxc5 1/2-1/2